00282nam a2200097Ia 4500001000800000005001700008008004100025020001800066245007800084260002200162125921120260417140307.0260417s9999 xx 000 0 und d a9789754739558 0aHz. Zeyd bin Harise - Peygamberimiz'in İzinde 40 Sahabi/19cHakan Temir bBeyan Yayınları